Cumplimiento normativo y gestión de riesgos legales en la empresa

Uloženo v:
Podrobná bibliografie
Hlavní autor: Toso Milos, Ángela Natalia (coordinadora)
Další autoři: Mayer Lux, Laura Viviana (coordinadora), Cordero Quinzacara, Eduardo (coordinador)
Médium: Neznámo
Jazyk:angličtina
Vydáno: Valencia, España: Tirant lo blanch, 2020
Edice:Empresas
Témata:
Tagy: Přidat tag
Žádné tagy, Buďte první, kdo vytvoří štítek k tomuto záznamu!

MARC

LEADER 00000 a2200000 4500
003 CL-VaPUC
005 20240812111929.0
008 220405b2020 ||||| |||| 00| 0 eng d
999 |c 435278  |d 435276 
020 |a 978-84-1336-871-9 
040 |c Pontificia Universidad Católica de Valparaíso 
082 0 4 |2 21  |a 346.07 TOS 2020  
100 1 |a Toso Milos, Ángela Natalia  |e coordinadora  |9 867951 
245 1 0 |a Cumplimiento normativo y gestión de riesgos legales en la empresa 
260 |a Valencia, España:  |b Tirant lo blanch,  |c 2020 
300 |a 351 páginas 
490 0 |a Empresas 
583 |k Catalogador Asistente  |c 20220405 
650 1 |a Cumplimiento normativo  |x Derecho comercial  |9 861212 
650 1 |a Compliance  |x Corrupción del comercio  |x Proteccionismo del comercio  |9 868844 
650 1 |a Compliance   |x Responsabilidad penal  |9 868845 
650 1 |a Compliance  |x Gestión de riesgos  |x Lavado de dinero  |x Bancos  |9 868846 
700 |a Mayer Lux, Laura Viviana  |e coordinadora  |9 859291 
700 |a Cordero Quinzacara, Eduardo  |e coordinador  |9 867978 
942 |2 ddc  |c BK 
952 |0 0  |1 0  |2 ddc  |4 0  |6 346_070000000000000_TOS_2020  |7 1  |8 C_LRYV  |9 582429  |a BIBDER  |b BIBDER  |d 2022-04-05  |e 22  |g 26498.92  |i 5650687  |o 346.07 TOS 2020  |p 5650687  |r 2023-01-25  |t 2  |v 26498.92  |w 2022-04-05  |y BK_X  |k BRV 
952 |0 0  |1 0  |2 ddc  |4 0  |6 346_070000000000000_TOS_2020  |7 0  |8 A  |9 582430  |a BIBDER  |b BIBDER  |c GEN  |d 2022-04-05  |e 22  |g 26498.92  |i 5650686  |l 11  |m 6  |o 346.07 TOS 2020  |p 5650686  |r 2025-04-01  |s 2025-03-18  |t 1  |v 26498.92  |w 2022-04-05  |y BK  |k DER